000 00641nam a2200217Ii 4500
003 JO-AjNU
008 230605s9999||||xx |||||||||||||| ||und||
017 _a1983/7/340
040 _aJO-AjNU
_bara
_erda
_cJO-AjNU
041 _aara
050 1 4 _aPJ7840.I8.A17 1983
100 3 _aتأليف الجيتاوي،صالح عبدالله,
_eauthor
_919392
245 0 0 _aصدى الصحراء
250 _aط1
264 3 1 _aعمان:دار الفرقان،1983
300 _a222ص
336 _atext
_btxt
_2rdacontent
337 _aunmediated
_bn
_2rdamedia
338 _avolume
_bnc
_2rdacarrier
650 4 _aالشعر العربي
_919393
999 _aA6392
_c9960
_d9960